Ekonomická analýza podnikateľského subjektu v cestovnom ruchu bakalárska práca

Enregistré dans:
Détails bibliographiques
Auteur principal: Harman, Jakub, 1996-
Collectivité auteur: Obchodná fakulta EU. Katedra služieb a cestovného ruchu - zrušené
Autres auteurs: Sidor, Ján
Format: Livre
Langue:slovaque
Publié: Bratislava 2018
Tags: Ajouter un tag
Pas de tags, Soyez le premier à ajouter un tag!

MARC

LEADER 00000nbm a2200000 4500
001 0245063
005 20180906133143.1
041 0 |a slo 
044 |a SK 
245 1 0 |a Ekonomická analýza podnikateľského subjektu v cestovnom ruchu  |b bakalárska práca  |c Jakub Harman ; školiteľ: Ján Sidor 
264 1 |a Bratislava  |c 2018 
300 |a 55 s. 
100 1 |a Harman, Jakub, 1996- 
700 1 |a Sidor, Ján 
710 2 |a Obchodná fakulta EU. Katedra služieb a cestovného ruchu - zrušené